000 00345nam a2200145 i 4500
001 bg
100 1 _aBALSIN, M. Ju.
245 0 _aNaučnye osnovy poroškovoj metallurgii volokna /
_cM.Ju. Balsin.
260 _aMoskva,
_c1972.
040 _cBPK
041 _apol
080 _a669
942 _cKS
008 s pl f |000 0 pol
999 _c14899
_d14899
856 _uhttp://koha.tu.koszalin.pl/cgi-bin/koha/opac-detail.pl?biblionumber=14899
_yKatalog online BPK